| 000 | 00408nam a2200145 4500 | ||
|---|---|---|---|
| 001 | 123980 | ||
| 003 | ES-MaACL | ||
| 007 | t| | ||
| 008 | 070214s1982 sp r ||||1| spa d | ||
| 100 | 1 |
_aRams Albesa, Joaquín. _995370 |
|
| 245 | 1 | 4 |
_aLas obligaciones alternativas / _cJoaquín Rams Albesa. |
| 260 |
_aMadrid : _bMontecorvo, _c1982. |
||
| 300 |
_a415 p. ; _c24 cm. |
||
| 852 |
_aES-MaACL _jL-3572 _bR.103779 |
||
| 999 |
_c123980 _d123980 |
||